आओ देखें राजस्थान/ (Record no. 204047)

MARC details
000 -LEADER
fixed length control field 00842nam a22001937a 4500
005 - DATE AND TIME OF LATEST TRANSACTION
control field 20240709114103.0
010 ## - LCCN (DPL NO)
LC control number B-760015
020 ## - INTERNATIONAL STANDARD BOOK NUMBER
Terms of availability 300.00
International Standard Book Number 9788188995486
035 ## - SYSTEM CONTROL NUMBER
System control number B-760015
037 ## - SOURCE OF ACQUISITION
Source of stock number/acquisition उपहार
082 ## - DEWEY DECIMAL CLASSIFICATION NUMBER
Classification number 954.42
100 ## - MAIN ENTRY--PERSONAL NAME
Personal name चतुर्वेदी, जगदीश
245 ## - TITLE STATEMENT
Title आओ देखें राजस्थान/
Statement of responsibility, etc जगदीश चतुर्वेदी
260 ## - PUBLICATION, DISTRIBUTION, ETC. (IMPRINT)
Place of publication, distribution, etc नई दिल्ली
Name of publisher, distributor, etc ज्ञानदीप प्रकाशन
Date of publication, distribution, etc 2021
270 ## - ADDRESS
Address 3/689,महरौली
City नई दिल्ली
Postal code 110030
300 ## - PHYSICAL DESCRIPTION
Extent 64पृ.
Dimensions 24सेमी (सजिल्द)
Other physical details सचित्र
942 ## - ADDED ENTRY ELEMENTS (KOHA)
Source of classification or shelving scheme Dewey Decimal Classification
Item type Children Books
Classification part 954.42
Call number suffix चतुर्वे
Holdings
Withdrawn status Lost status Not for loan Collection code Home library Current library Date acquired Source of acquisition Cost, normal purchase price Full call number Barcode Copy number Cost, replacement price Koha item type Public note
      Non-fiction Shahdara Branch Shahdara Branch 09/07/2024 उपहार/08.07.2024 300.00 954.42 चतुर्वे B-760015 1 300.00 Children Books उपहार

© Delhi Public Library
Hit Counter
free hit counter